I had to think of you (Record no. 1642)

MARC details
000 -LEADER
campo de control de longitud fija 00483nam a22001457a 4500
008 - DATOS DE LONGITUD FIJA--INFORMACIÓN GENERAL
campo de control de longitud fija 181017b xxu||||| |||| 00| 0 eng d
020 ## - NÚMERO INTERNACIONAL ESTÁNDAR DEL LIBRO
Número Internacional Estándar del Libro 9783943514926
082 ## - NÚMERO DE LA CLASIFICACIÓN DECIMAL DEWEY
Número de clasificación 708
Número de ítem N228i
100 ## - ENTRADA PRINCIPAL--NOMBRE DE PERSONA
Nombre de persona Navas, Ana
9 (RLIN) 6738
245 ## - MENCIÓN DEL TÍTULO
Título I had to think of you
260 ## - PUBLICACIÓN, DISTRIBUCIÓN, ETC.
Lugar de publicación, distribución, etc. Berlín
Nombre del editor, distribuidor, etc. Bom Dia Boa Tarde Boa Noite
Fecha de publicación, distribución, etc. 2017
300 ## - DESCRIPCIÓN FÍSICA
Extensión 47 p.
Otras características físicas ill (col).
Dimensiones 22 cm
650 ## - PUNTO DE ACCESO ADICIONAL DE MATERIA--TÉRMINO DE MATERIA
Fuente del encabezamiento o término Arte contemporáneo
Subdivisión general Arte - exhibiciones
-- Artistas plásticas
Subdivisión geográfica Arte - Ecuador
9 (RLIN) 6739
710 ## - ENTRADA AGREGADA--NOMBRE DE ENTIDAD CORPORATIVA
Nombre de entidad corporativa o nombre de jurisdicción como elemento de entrada Galerie Stadt Sindelfingen
9 (RLIN) 6740
Holdings
Estatus retirado Estado de pérdida Fuente del sistema de clasificación o colocación Estado de daño No para préstamo Biblioteca de origen Biblioteca actual Ubicación en estantería Fecha de adquisición Total de préstamos Signatura topográfica completa Código de barras Visto por última vez Precio de reemplazo Tipo de ítem Koha
    Clasificación Decimal Dewey     Biblioteca LadoV Biblioteca LadoV   17/10/2018   708 N228i 002134 17/10/2018 17/10/2018 Material 01